|
|
|
|
| LEADER |
01490nam a2200385Ia 4500 |
| 001 |
EBC3042211 |
| 003 |
MiAaPQ |
| 005 |
20200520144314.0 |
| 006 |
m o d | |
| 007 |
cr cn||||||||| |
| 008 |
940617c19951994gw a sb 001 0 eng d |
| 010 |
|
|
|z 94028393
|
| 020 |
|
|
|z 9783110139891
|
| 020 |
|
|
|z 9783110871197
|
| 020 |
|
|
|z 3110139898 (hard : alk. paper)
|
| 035 |
|
|
|a (MiAaPQ)EBC3042211
|
| 035 |
|
|
|a (Au-PeEL)EBL3042211
|
| 035 |
|
|
|a (CaPaEBR)ebr10598263
|
| 035 |
|
|
|a (OCoLC)922945269
|
| 040 |
|
|
|a MiAaPQ
|c MiAaPQ
|d MiAaPQ
|
| 050 |
|
4 |
|a HD69.S8
|b G473 1995
|
| 082 |
0 |
4 |
|a 658/.044
|2 20
|
| 100 |
1 |
|
|a Gerybadze, Alexander.
|
| 245 |
1 |
0 |
|a Strategic alliances and process redesign
|h [electronic resource] :
|b effective management and restructuring of cooperative projects and networks /
|c Alexander Gerybadze.
|
| 260 |
|
|
|a Berlin ;
|a New York :
|b W. de Gruyter,
|c 1995, c1994.
|
| 300 |
|
|
|a xi, 314 p. :
|b ill.
|
| 440 |
|
0 |
|a De Gruyter studies in organization ;
|v 59
|
| 504 |
|
|
|a Includes bibliographical references (p. [293]-306) and index.
|
| 533 |
|
|
|a Electronic reproduction. Ann Arbor, MI : ProQuest, 2015. Available via World Wide Web. Access may be limited to ProQuest affiliated libraries.
|
| 650 |
|
0 |
|a Strategic alliances (Business)
|
| 650 |
|
0 |
|a Joint ventures.
|
| 650 |
|
0 |
|a Venture capital.
|
| 655 |
|
4 |
|a Electronic books.
|
| 710 |
2 |
|
|a ProQuest (Firm)
|
| 856 |
4 |
0 |
|u https://ebookcentral.proquest.com/lib/matrademy/detail.action?docID=3042211
|z Click to View
|